Normal view
MARC view
- Pakenham-Walsh, Ridley Pakenham
Entry Personal Name
001 - CONTROL NUMBER
- control field: 49807
003 - CONTROL NUMBER IDENTIFIER
- control field: NUST
005 - DATE AND TIME OF LATEST TRANSACTION
- control field: 20210314134440.0
008 - FIXED-LENGTH DATA ELEMENTS
- fixed length control field: 210314|| aca||aabn | a|a d
040 ## - CATALOGING SOURCE
- Original cataloging agency: NUST
- Transcribing agency: NUST
100 ## - HEADING--PERSONAL NAME
- Personal name: Pakenham-Walsh, Ridley Pakenham
670 ## - SOURCE DATA FOUND
- Source citation: Work cat.: (NUST): History of the Corps of Royal Engineers, 1889-1958.
